000 01011nam a22002057a 4500
999 _c58777
_d58777
005 20220721154740.0
008 220721s2022en xxu||||| |||| 00| 0 eng d
020 _a9789941498817
041 _ageo
080 _a341.217(4)+339.92 T-29
100 _aTebidze, Jaba
_914471
245 _aEuropean Union Politics :
_bEU as an International Legal Actor Law and International Relations /
_cJaba Tebidze.
250 _a3rd Edition.
264 _aTbilisi :
_bMtsignobari,
_c2022.
300 _a228 p. ;
_b20 cm.
505 _aბიბლიოგრაფია: გვ. 217-228.
600 _2ავტორი მითითებულია თავფურცლის მეორე გვერდზე.
653 _aევროკავშირის პოლიტიკა : როგორც საერთაშორისო სამართლებრივი აქტორი და საერთაშორისო ურთიერთობები
942 _2udc
_cBK